000 00579nam a2200181Ia 4500
003 GCL
008 140319s9999 xx 000 0 eng d
040 _aGCL /
_cGCL
082 0 4 _a953
_bA A
100 1 _aALOOB, ABD ELWAHAB
245 1 0 _aAL-AMEEN LEXICON OF RELIGIONS AND ARCHEOLOGY: WITH SPECIAL FOCUS ON THE TERMINOLOGY OF THE ISLAMIC CIVILIZATION - ENGLISH - PERSIAN - ARABIC /
_cALOOB, ABD ELWAHAB
260 _a[S.N] :
_bDAR -ELAMEEN ،
_c1996
300 _a475 P
650 0 4 _aISLAM - ARCHAEOLOGY
650 0 4 _aISLAM - HISTORY
650 0 4 _aHISTORY
942 _2ddc
_cBK
999 _c13725
_d13725